International women's day - 2012 = ජාත්‍යන්තර කාන්තා දිනය - 2012 = சர்வதேச மகளிர் தினம் - 2012 (Record no. 4410)

MARC details
000 -LEADER
fixed length control field 00741nam a2200181 4500
003 - CONTROL NUMBER IDENTIFIER
control field LK-CoMWRAF
005 - DATE AND TIME OF LATEST TRANSACTION
control field 20231213134940.0
008 - FIXED-LENGTH DATA ELEMENTS--GENERAL INFORMATION
fixed length control field 231213b |||||||| |||| 00| 0 eng d
040 ## - CATALOGING SOURCE
Original cataloging agency LK-CoMWRAF
Modifying agency LK-CoMWRAF
Description conventions LK-CoMWRAF
041 ## - LANGUAGE CODE
Language code of text/sound track or separate title English
-- Sinhala; Sinhalese
-- Tamil
082 ## - DEWEY DECIMAL CLASSIFICATION NUMBER
Classification number 305.4
Item number INT
942 ## - ADDED ENTRY ELEMENTS (KOHA)
Koha item type Books
245 ## - TITLE STATEMENT
Title International women's day - 2012 = ජාත්‍යන්තර කාන්තා දිනය - 2012 = சர்வதேச மகளிர் தினம் - 2012
246 ## - VARYING FORM OF TITLE
Title proper/short title jathyanthara kantha dinaya - 2012 = Carvatēca makaḷir tiṉam - 2012
260 ## - PUBLICATION, DISTRIBUTION, ETC. (IMPRINT)
Place of publication, distribution, etc. Nugegoda :
Name of publisher, distributor, etc. Ministry of child developments & women's affairs
Date of publication, distribution, etc. 2012
500 ## - GENERAL NOTE
General note Keynote address by Hon. Eva Wanasundara
650 ## - SUBJECT ADDED ENTRY--TOPICAL TERM
Topical term or geographic name as entry element International women's day
Holdings
Withdrawn status Lost status Damaged status Not for loan Permanent Location Current Location Date acquired Full call number Barcode Koha item type
        Resource center, Muslim Women's Research And Action Forum Resource center, Muslim Women's Research And Action Forum 2023-12-13 305.4 INT RAF3487 Books
        Resource center, Muslim Women's Research And Action Forum Resource center, Muslim Women's Research And Action Forum 2023-12-13 305.4 INT RAF3488 Books

Copyright © 2023 Muslim Women's Research and Action Forum (MWRAF), No 27/3, Anderson Road, Kalubowila, Dehiwela. Funded by The Asia Fundation